| 000 | 00392pab a2200169 454500 | ||
|---|---|---|---|
| 008 | 180718b1999 xxu||||| |||| 00| 0 eng d | ||
| 100 | _aSinha, Shantha | ||
| 245 | _aChild labour and education | ||
| 260 | _c1999 | ||
| 300 | _ap.14-19 | ||
| 362 | _aFeb | ||
| 650 | _aEducation - India | ||
| 650 | _aChild labour - India | ||
| 650 | _aChild labour | ||
| 773 | _aSeminar | ||
| 909 | _a40006 | ||
| 999 |
_c40006 _d40006 |
||